| 000 | 00822nam a2200277Ia 4500 | ||
|---|---|---|---|
| 008 | |||
| 020 | _a0316923966 (pbk.) | ||
| 049 | _aMAIN | ||
| 090 |
_aRM122 _bMAN |
||
| 245 | 0 | 0 |
_aManual of medical therapeutics / _cNicholas V. Costrini, William M. Thompson. |
| 250 | _a22nd ed. | ||
| 260 |
_aBoston : _bLittle, Brown and Company, _c1977. |
||
| 300 |
_axii, 433 p. : _bill. ; _c22 cm. |
||
| 440 | 0 | _aA Little Brown manual. | |
| 500 | _aIncludes index. | ||
| 650 | 2 | _aTherapeutics. | |
| 650 | 0 |
_aMedicine _xPeriodicals. |
|
| 650 | 0 |
_aTherapeutics _xPeriodicals. |
|
| 710 | 1 | _aCostrini, Nicholas V. | |
| 710 | 1 | _aThompson, William M. | |
| 907 |
_a.b10348189 _b17-10-14 _c17-10-14 |
||
| 003 | |||
| 005 | 20230120204139.0 | ||
| 040 | _cNUST | ||
| 942 |
_cBOOKS _kRM122 _mMAN |
||
| 999 |
_c117992 _d117992 |
||